<?xml version="1.0" encoding="UTF-8"?>
<marc:record xmlns:marc="http://www.loc.gov/MARC21/slim">
   <marc:leader>00000nam a2200000 a 4500</marc:leader>
   <marc:datafield ind1="1" ind2=" " tag="100">
      <marc:subfield code="a">Dos Passos, John</marc:subfield>
      <marc:subfield code="4">aut</marc:subfield>
      <marc:subfield code="e">Verfasser/-in</marc:subfield>
   </marc:datafield>
   <marc:datafield ind1="1" ind2=" " tag="100">
      <marc:subfield code="a">Gunsteren, Dirk van</marc:subfield>
      <marc:subfield code="4">trl</marc:subfield>
      <marc:subfield code="e">Übersetzer/-in</marc:subfield>
   </marc:datafield>
   <marc:datafield ind1="1" ind2=" " tag="100">
      <marc:subfield code="a">Stingl, Nikolaus</marc:subfield>
      <marc:subfield code="4">trl</marc:subfield>
      <marc:subfield code="e">Übersetzer/-in</marc:subfield>
   </marc:datafield>
   <marc:datafield ind1="1" ind2=" " tag="100">
      <marc:subfield code="a">Wachinger, Kristian</marc:subfield>
      <marc:subfield code="4">edt</marc:subfield>
      <marc:subfield code="e">Bearbeiter/-in</marc:subfield>
   </marc:datafield>
   <marc:datafield ind1=" " ind2=" " tag="653">
      <marc:subfield code="a">Klassiker</marc:subfield>
   </marc:datafield>
   <marc:datafield ind1=" " ind2=" " tag="653">
      <marc:subfield code="a">amerikanische Literatur</marc:subfield>
   </marc:datafield>
   <marc:datafield ind1=" " ind2=" " tag="653">
      <marc:subfield code="a">Gesellschaft</marc:subfield>
   </marc:datafield>
   <marc:datafield ind1=" " ind2=" " tag="653">
      <marc:subfield code="a">Zeitporträt</marc:subfield>
   </marc:datafield>
   <marc:datafield ind1=" " ind2=" " tag="653">
      <marc:subfield code="a">USA</marc:subfield>
   </marc:datafield>
   <marc:datafield ind1=" " ind2=" " tag="653">
      <marc:subfield code="a">Erster Weltkrieg</marc:subfield>
   </marc:datafield>
   <marc:datafield ind1=" " ind2=" " tag="653">
      <marc:subfield code="a">Amerikanische Literatur</marc:subfield>
   </marc:datafield>
   <marc:datafield ind1=" " ind2=" " tag="653">
      <marc:subfield code="a">Hochfinanz</marc:subfield>
   </marc:datafield>
   <marc:datafield ind1=" " ind2=" " tag="653">
      <marc:subfield code="a">Wirtschaft</marc:subfield>
   </marc:datafield>
   <marc:datafield ind1=" " ind2=" " tag="653">
      <marc:subfield code="a">Softcover / Belletristik/Hauptwerk vor 1945</marc:subfield>
   </marc:datafield>
   <marc:datafield ind1=" " ind2=" " tag="653">
      <marc:subfield code="a">Fiktionale Darstellung</marc:subfield>
   </marc:datafield>
   <marc:datafield ind1=" " ind2=" " tag="653">
      <marc:subfield code="a">Erzählende Literatur: Hauptwerk vor 1945</marc:subfield>
   </marc:datafield>
   <marc:datafield ind1="0" ind2="0" tag="245">
      <marc:subfield code="a">USA-Trilogie</marc:subfield>
   </marc:datafield>
   <marc:datafield ind1="0" ind2="0" tag="245">
      <marc:subfield code="c">John Dos Passos ; aus dem Englischen von Dirk van Gunsteren und Nikolaus Stingl</marc:subfield>
   </marc:datafield>
   <marc:datafield ind1=" " ind2="1" tag="264">
      <marc:subfield code="a">Hamburg</marc:subfield>
      <marc:subfield code="b">Rowohlt</marc:subfield>
   </marc:datafield>
   <marc:datafield ind1=" " ind2=" " tag="250">
      <marc:subfield code="a">Neuübersetzung, [1. Auflage</marc:subfield>
   </marc:datafield>
   <marc:datafield ind1="1" ind2=" " tag="520">
      <marc:subfield code="a">Angaben aus der Verlagsmeldung

USA-Trilogie : Der 42. Breitengrad / 1919 / Das große Geld U.S.A. The 42nd Parallel/1919/The Big Money Dos Passos, USA-Trilogie / von John Dos Passos

John Dos Passos' "USA-Trilogie" ist in der amerikanischen Literatur einzigartig wegen ihrer epischen Gestaltung und panoramischen gesellschaftlichen Perspektive. In den Romanen, aus denen sie besteht - "Der 42. Breitengrad" (1930), "1919" (1932) und "Das große Geld" (1936) -, zeichnet Dos Passos mit sarkastischem Humor und scharfem Auge für soziale Fragen ein unvergessliches Kollektivporträt der USA. Dabei verbindet er das Leben seiner Charaktere und die Zeit, in der sie leben, auf eine raffinierte erzählerische Weise, die diese Trilogie zu einem der lesbarsten modernen Klassiker überhaupt gemacht hat. Seine Protagonisten erleben Kriege und Revolutionen, verzweifelte Liebesaffären, schwere Familienkrisen, öffentliche Triumphe und private Katastrophen vor Kulissen, die unter anderem die Schützengräben des Ersten Weltkriegs, das aufständische Mexiko, Hollywoodstudios in der Stummfilmära, Wall-Street-Büros und die von Tumulten erschütterten Straßen von Boston vor der Exekution von Sacco und Vanzetti umfassen.
In seinem Vorwort schreibt Dos Passos: "USA, das ist ein Querschnitt durch einen Kontinent ... Vor allem aber ist es das gesprochene Wort der Menschen." Es ist die gewaltige Stimme Amerikas von der Industrialisierung bis zur Prohibition. Dirk van Gunsteren und Nikolaus Stingl verschaffen ihr mit ihrer zeitgemäßen Übersetzung neues Gehör.
</marc:subfield>
   </marc:datafield>
   <marc:datafield ind1=" " ind2=" " tag="020">
      <marc:subfield code="a">9783498095604</marc:subfield>
      <marc:subfield code="9">9783498095604</marc:subfield>
   </marc:datafield>
   <marc:datafield ind1=" " ind2=" " tag="041">
      <marc:subfield code="a">ger</marc:subfield>
   </marc:datafield>
   <marc:datafield ind1=" " ind2=" " tag="300">
      <marc:subfield code="a">1644 Seiten</marc:subfield>
   </marc:datafield>
</marc:record>
